00603nam a22002177a 450000500170000001000110001702000220002803500110005003700160006104000120007708200110008910000240010024500790012426000360020327000120023930000200025150000510027165000240032265000190034670000200036520170124110108.0 a735493 c00.00a0285620878 a735493 bCen Lib/Ret aDPLbEN aNbDAN aDaniken, Erich Von  aThe gold of the gods /cby Erich Von Daniken; translated by Michael Heron  aLondon bSouvenir Press c1973 bLondon  a210p.c21cm(Hb) aIncludes bibliographical references and index  aEnglish literature  aEnglish novel  aHeron, Michael